| Tag |
First Indicator |
Second Indicator |
Subfields |
| LEADER |
00000cam a2200000 i 4500 |
| 001 |
in00005720421 |
| 005 |
20260319184129.5 |
| 006 |
m o d |
| 007 |
cr un||||||||| |
| 008 |
210227t20212021xxu ob 001 0 eng d |
| 040 |
|
|
|a EBLCP
|b eng
|e rda
|e pn
|c EBLCP
|d STBDS
|d OCLCO
|d OCLCF
|d OCLCO
|d MVS
|d OCLCO
|d YDX
|d OH1
|d UKAHL
|d IUL
|d OCLCO
|d OCL
|d OCLCO
|d OCLCQ
|d SFB
|d OCLCQ
|d OCLCO
|d WSU
|d OCLCO
|d OCLCL
|d UKKRT
|d OCLCA
|
| 019 |
|
|
|a 1238162097
|
| 020 |
|
|
|a 9780192587299
|
| 020 |
|
|
|a 0192587293
|
| 020 |
|
|
|a 9780192587282
|q (electronic bk.)
|
| 020 |
|
|
|a 0192587285
|q (electronic bk.)
|
| 020 |
|
|
|z 0198848048
|
| 020 |
|
|
|z 9780198848042
|
| 035 |
|
|
|a (OCoLC)1239985299
|z (OCoLC)1238162097
|
| 050 |
|
4 |
|a PN1083.S539
|b M47 2021
|
| 082 |
0 |
4 |
|a 809.193558
|
| 049 |
|
|
|a TXAM
|
| 100 |
1 |
|
|a Hofmann, Michael,
|d 1957 August 25-
|e author.
|1 https://id.oclc.org/worldcat/entity/E39PCjqKxgvrRdvFPF6XHyKkwC
|
| 245 |
1 |
0 |
|a Messing about in boats /
|c Michael Hofmann.
|
| 250 |
|
|
|a First edition.
|
| 264 |
|
1 |
|a New York :
|b Oxford University Press USA - OSO,
|c 2021.
|
| 264 |
|
4 |
|c ©2021
|
| 300 |
|
|
|a 1 online resource (118 pages).
|
| 336 |
|
|
|a text
|b txt
|2 rdacontent
|
| 337 |
|
|
|a computer
|b c
|2 rdamedia
|
| 338 |
|
|
|a online resource
|b cr
|2 rdacarrier
|
| 504 |
|
|
|a Includes bibliographical references and index.
|
| 588 |
|
|
|a Description based upon print version of record.
|
| 520 |
|
|
|a Based on the author's Clarendon Lectures, this volume studies four water-borne poems by Rainer Maria Rilke, Arthur Rimbaud, Eugenio Montale, and Karen Solie that each study a different aspect of 'the ship'.
|
| 505 |
0 |
|
|a 1. Rainer Maria Rilke: 'Emigranten-Schiff, Neapel' -- 2. Arthur Rimbaud: 'Le Bateau Ivre', 'The Drunken Ship' -- 3. Eugenio Montale: 'Barche sulla Marna', 'Boats on the Marne' -- 4. Karen Solie: 'The World'.
|
| 600 |
1 |
0 |
|a Rilke, Rainer Maria,
|d 1875-1926
|x Criticism and interpretation.
|
| 600 |
1 |
0 |
|a Rimbaud, Arthur,
|d 1854-1891
|x Criticism and interpretation.
|
| 600 |
1 |
0 |
|a Montale, Eugenio,
|d 1896-1981
|x Criticism and interpretation.
|
| 600 |
1 |
0 |
|a Solie, Karen,
|d 1966-
|x Criticism and interpretation.
|
| 600 |
1 |
7 |
|a Montale, Eugenio,
|d 1896-1981
|2 fast
|1 https://id.oclc.org/worldcat/entity/E39PBJp9tHQ6PVdXRqc7qkGyh3
|
| 600 |
1 |
7 |
|a Rilke, Rainer Maria,
|d 1875-1926
|2 fast
|1 https://id.oclc.org/worldcat/entity/E39PBJjdjJ8RrVkRCFfVqGwwG3
|
| 600 |
1 |
7 |
|a Rimbaud, Arthur,
|d 1854-1891
|2 fast
|1 https://id.oclc.org/worldcat/entity/E39PBJhmHwBBGmmhrhWhbmJxDq
|
| 650 |
|
0 |
|a Ships in literature.
|
| 650 |
|
0 |
|a Poetry
|x Themes, motives.
|
| 650 |
|
6 |
|a Navires dans la littérature.
|
| 650 |
|
7 |
|a Ships in literature
|2 fast
|
| 650 |
|
7 |
|a Poetry
|x Themes, motives
|2 fast
|
| 655 |
|
7 |
|a Electronic books.
|2 local
|
| 655 |
|
7 |
|a poetry.
|2 aat
|
| 655 |
|
7 |
|a Criticism, interpretation, etc.
|2 fast
|
| 655 |
|
7 |
|a Poetry.
|2 lcgft
|
| 655 |
|
7 |
|a Poésie.
|2 rvmgf
|
| 776 |
0 |
8 |
|i Print version:
|a Hofmann, Michael
|t Messing about in Boats
|d Oxford : Oxford University Press USA - OSO,c2021
|z 9780198848042
|
| 856 |
4 |
0 |
|u http://proxy.library.tamu.edu/login?url=https://academic.oup.com/book/41097
|z Connect to the full text of this electronic book
|t 0
|
| 955 |
|
|
|a Oxford Scholarship Online
|
| 994 |
|
|
|a 92
|b TXA
|
| 999 |
f |
f |
|i a3becf92-d059-41ae-b3ac-20f64eb10792
|s 4f3e07f4-050b-44c8-8933-6b95f7e004b1
|t 0
|
| 952 |
f |
f |
|a Texas A&M University
|b College Station
|c Electronic Resources
|s www_evans
|d Available Online
|t 0
|e PN1083.S539 M47 2021
|h Library of Congress classification
|
| 998 |
f |
f |
|a PN1083.S539 M47 2021
|t 0
|l Available Online
|